[Event "USCL Week 10"]
[Site "Internet Chess Club"]
[Date "2012.11.05"]
[Round "?"]
[White "Timmel, John"]
[Black "Martinez, Isaac"]
[Result "1/2-1/2"]
[WhiteElo "2155"]
[BlackElo "2174"]
[PlyCount "114"]
[EventDate "2012.??.??"]

1. c4 c5 2. Nc3 g6 3. g3 Bg7 4. Bg2 Nc6 5. e4 d6 6. Nge2 e5 7. O-O Nge7 8. d3
O-O 9. Be3 Nd4 10. Qd2 Bd7 11. Bg5 f6 12. Bh6 Rb8 13. Rab1 a6 14. Bxg7 Kxg7 15.
f4 Qa5 16. Rf2 b5 17. b3 bxc4 18. dxc4 Nec6 19. Rbf1 Nxe2+ 20. Rxe2 Nd4 21.
Ref2 exf4 22. gxf4 Bc6 23. Qd3 Rbe8 24. Ne2 Nxe2+ 25. Rxe2 Qc7 26. Rd1 Rd8 27.
Qc3 Rfe8 28. Rde1 Qd7 29. Bh3 Qe7 30. Bg2 Qd7 31. h3 Kf7 32. Qg3 f5 33. exf5
Bxg2 34. fxg6+ hxg6 35. Qxg2 Rxe2 36. Qxe2 Rh8 37. f5 gxf5 38. Qf3 Rg8+ 39. Kh2
Rg6 40. Rf1 Kf6 41. Qc3+ Kf7 42. Qh8 Qe6 43. Qh7+ Kf6 44. Qh4+ Kg7 45. Re1 Qf6
46. Re7+ Kf8 47. Qxf6+ Rxf6 48. Ra7 Rg6 49. Rxa6 f4 50. b4 cxb4 51. Rb6 f3 52.
Rxb4 Rg2+ 53. Kh1 Rxa2 54. Rb3 Rf2 55. Kg1 Rg2+ 56. Kf1 Rg3 57. Kf2 Rxh3
1/2-1/2

[Event "USCL Week 10"]
[Site "Internet Chess Club"]
[Date "2012.11.05"]
[Round "?"]
[White "Kannappan, Priyadharshan"]
[Black "Wang, Puchen"]
[Result "1/2-1/2"]
[WhiteElo "2457"]
[BlackElo "2509"]
[PlyCount "153"]
[EventDate "2012.??.??"]

1. g3 Nf6 2. Bg2 g6 3. e4 d6 4. d4 Bg7 5. Ne2 O-O 6. O-O e5 7. h3 Nc6 8. Be3 d5
9. dxe5 Nxe4 10. f4 Ne7 11. Kh2 f6 12. exf6 Nxf6 13. Nbc3 c6 14. Bf2 Nf5 15.
Qd2 Nd6 16. Rad1 Re8 17. Qc1 Bf5 18. Nd4 Be4 19. Nf3 Qc7 20. Rfe1 Nf5 21. Nd4
Rad8 22. Nb3 Bxg2 23. Kxg2 b6 24. Nd4 Rxe1 25. Rxe1 Nxd4 26. Bxd4 c5 27. Bxf6
Bxf6 28. Qe3 Qc6 29. Nd1 Qa4 30. Qb3 Qxb3 31. axb3 Kf7 32. Re2 b5 33. Rd2 a5
34. Kf3 b4 35. g4 h6 36. c3 Ke6 37. cxb4 axb4 38. Ne3 Bd4 39. f5+ Ke5 40. fxg6
Bxe3 41. Kxe3 Rg8 42. Rc2 Kd6 43. Rf2 Rxg6 44. Rf8 Ke5 45. Rf5+ Ke6 46. Rf8 Ke5
47. Rf5+ Ke6 48. Rf8 h5 49. Rc8 hxg4 50. Rc6+ Kf5 51. hxg4+ Rxg4 52. Rxc5 Ke5
53. Rb5 Rh4 54. Kd3 Rh3+ 55. Kc2 Ke4 56. Rxb4+ d4 57. Rb8 Rh2+ 58. Kb1 Ke3 59.
Re8+ Kd2 60. b4 d3 61. Ka2 Kc1 62. Re1+ Kc2 63. Re8 d2 64. Rc8+ Kd3 65. Rd8+
Ke2 66. Kb3 d1=Q+ 67. Rxd1 Kxd1 68. Kc4 Ke2 69. b5 Ke3 70. Kd5 Rh5+ 71. Kc6 Kd4
72. b6 Rh6+ 73. Kc7 Kc5 74. b4+ Kxb4 75. b7 Rh7+ 76. Kb6 Rxb7+ 77. Kxb7 1/2-1/2

[Event "USCL Week 10"]
[Site "Internet Chess Club"]
[Date "2012.11.05"]
[Round "?"]
[White "Salisbury, John"]
[Black "Byambaa, Uyanga"]
[Result "1/2-1/2"]
[WhiteElo "1970"]
[BlackElo "2136"]
[PlyCount "130"]
[EventDate "2012.??.??"]

1. e4 c5 2. Nf3 d6 3. d4 cxd4 4. Nxd4 Nf6 5. Nc3 a6 6. Bg5 e6 7. f4 Be7 8. Qf3
Qc7 9. O-O-O Nbd7 10. g4 b5 11. Bxf6 Nxf6 12. g5 Nd7 13. f5 Bxg5+ 14. Kb1 Ne5
15. Qh5 Qe7 16. fxe6 g6 17. exf7+ Kxf7 18. Qe2 Bg4 19. Qf2+ Qf6 20. Qxf6+ Bxf6
21. Be2 Bxe2 22. Ndxe2 Nc4 23. Rhf1 Kg7 24. Nd5 Bxb2 25. Nef4 Rhc8 26. Ne6+ Kh8
27. Ne7 Re8 28. Nc7 Rxe7 29. Nxa8 Bg7 30. Rd3 h5 31. Rg1 Ra7 32. Nb6 Nxb6 33.
Rxd6 Nc4 34. Rdxg6 Nd2+ 35. Kc1 Nxe4 36. Re6 Nc3 37. Rg5 Nxa2+ 38. Kd2 Nb4 39.
c3 Rd7+ 40. Ke2 Nd5 41. Rxa6 Nxc3+ 42. Kf3 Rf7+ 43. Ke3 Re7+ 44. Kf3 b4 45.
Rxh5+ Kg8 46. Ra8+ Kf7 47. Rb8 Kg6 48. Ra5 Rf7+ 49. Kg4 Bf8 50. Rg5+ Kh7 51.
Rh5+ Kg8 52. Rg5+ Kh7 53. Rh5+ Kg8 54. Rg5+ Rg7 55. Rxg7+ Kxg7 56. Kf3 Na2 57.
Ke2 Kf7 58. Kd3 Bg7 59. Rb7+ Kg6 60. Rxg7+ Kxg7 61. Kc4 Kf6 62. Kb3 Kg5 63.
Kxa2 Kh4 64. Kb3 Kh3 65. Kxb4 Kxh2 1/2-1/2

[Event "USCL Week 10"]
[Site "Internet Chess Club"]
[Date "2012.11.05"]
[Round "?"]
[White "Amanov, Zhanibek"]
[Black "Mikhailuk, Slava"]
[Result "1-0"]
[WhiteElo "2463"]
[BlackElo "2415"]
[PlyCount "59"]
[EventDate "2012.??.??"]

1. e4 c5 2. Nf3 Nc6 3. d4 cxd4 4. Nxd4 Nf6 5. Nc3 Qb6 6. Nb3 e6 7. Bd3 a6 8.
O-O Be7 9. a4 Qc7 10. f4 d6 11. Be3 b6 12. Qf3 O-O 13. g4 Re8 14. g5 Nd7 15. f5
Nde5 16. Qg3 Na5 17. Nd2 Bf8 18. f6 Bb7 19. Rf2 Nac4 20. Nxc4 Nxc4 21. Bxc4
Qxc4 22. Raf1 Bxe4 23. Rf4 d5 24. Nxe4 dxe4 25. g6 hxg6 26. fxg7 Bxg7 27. Rxf7
Qe2 28. Rxg7+ Kxg7 29. Qe5+ Kg8 30. Bd4 1-0

[Event "USCL Week 10"]
[Site "Internet Chess Club"]
[Date "2012.11.05"]
[Round "?"]
[White "Sinanan, Joshua"]
[Black "Yanayt, Eugene"]
[Result "1-0"]
[WhiteElo "2263"]
[BlackElo "2339"]
[PlyCount "121"]
[EventDate "2012.??.??"]

1. d4 Nf6 2. c4 g6 3. g3 Bg7 4. Bg2 O-O 5. Nc3 d6 6. Nf3 c6 7. O-O Qa5 8. h3
Qa6 9. b3 b5 10. Nd2 Bb7 11. Qc2 Nbd7 12. Bb2 Rfc8 13. e4 bxc4 14. Nxc4 d5 15.
Ne3 dxe4 16. Nxe4 Nxe4 17. Qxe4 e6 18. Nc4 Rd8 19. Rfc1 Rab8 20. Qe1 c5 21.
Bxb7 Qxb7 22. dxc5 Bxb2 23. Nxb2 Qd5 24. Qe3 Ne5 25. Rc3 Nc6 26. Rd1 Nd4 27. f4
f6 28. Rcd3 e5 29. fxe5 fxe5 30. Nc4 Qxc5 31. Nxe5 Ne2+ 32. Kf2 Qxe3+ 33. Kxe3
Rxd3+ 34. Rxd3 Nxg3 35. Kf4 Nf5 36. Rd7 a6 37. Ng4 Kh8 38. Nf6 Ng7 39. Ra7 Rb4+
40. Ke5 Rb5+ 41. Ke4 Rb4+ 42. Kd5 Rb8 43. Rxa6 Rf8 44. Ra7 h5 45. Ke5 g5 46.
Rd7 Rb8 47. a4 g4 48. hxg4 hxg4 49. Rd3 Rf8 50. b4 Ra8 51. a5 Rb8 52. a6 Rb5+
53. Rd5 Rxb4 54. Rd8+ Ne8 55. Rxe8+ Kg7 56. a7 Ra4 57. a8=Q Rxa8 58. Rxa8 g3
59. Rg8+ Kh6 60. Kf5 g2 61. Rg6# 1-0

[Event "USCL Week 10"]
[Site "Internet Chess Club"]
[Date "2012.11.05"]
[Round "?"]
[White "Kavutskiy, Konstantin"]
[Black "Collyer, Curt"]
[Result "1/2-1/2"]
[WhiteElo "2371"]
[BlackElo "2294"]
[PlyCount "173"]
[EventDate "2012.??.??"]

1. d4 b6 2. e4 Bb7 3. Nd2 e6 4. Ngf3 d6 5. Bd3 Nd7 6. O-O g6 7. Qe2 a6 8. a4
Bg7 9. Re1 Ne7 10. Nf1 O-O 11. Ng3 c5 12. c3 Nc6 13. Bg5 Qb8 14. Qe3 cxd4 15.
cxd4 Nb4 16. Bb1 Rc8 17. Qd2 a5 18. h4 Rc4 19. Ra3 Qc7 20. Rc3 Rc8 21. Rec1
Rxc3 22. Rxc3 Qb8 23. h5 Rxc3 24. bxc3 Nc6 25. hxg6 hxg6 26. Nh2 Ba6 27. Ng4
Bc4 28. Bh6 Qf8 29. Bxg7 Qxg7 30. Ne3 Bb3 31. Bc2 Bxc2 32. Qxc2 Qh6 33. Qb3 Qg5
34. Qa3 Qe7 35. Qb3 Qd8 36. f4 Qh4 37. Nef1 Qxf4 38. Qc4 Ncb8 39. Qc7 Kf8 40.
Qb7 Ke7 41. Ne2 Qg4 42. Kf2 f5 43. exf5 Qxf5+ 44. Kg1 d5 45. Qc8 Qf8 46. Qc7
Qf6 47. Nf4 Na6 48. Qb7 Qxf4 49. Qxa6 Kd6 50. Qd3 Nf6 51. Qb5 Kc7 52. Qe2 Ne4
53. Qc2 Kb7 54. Qb2 Ka7 55. Qc2 g5 56. c4 dxc4 57. Qxc4 g4 58. Qe2 g3 59. Qf3
Qxf3 60. gxf3 Nd6 61. Nxg3 b5 62. axb5 a4 63. Ne2 Nxb5 64. Kf2 a3 65. Nc1 Nxd4
66. Ke3 Nb5 67. Ke4 Kb6 68. Ke5 Kc5 69. Kxe6 Nd4+ 70. Ke5 Nxf3+ 71. Ke4 Ne1 72.
Ke3 Kc4 73. Kd2 Nf3+ 74. Kc2 Nd4+ 75. Kb1 Kc3 76. Na2+ Kb3 77. Nc1+ Ka4 78. Nd3
Nb5 79. Kc2 Nd4+ 80. Kb1 Kb3 81. Nc1+ Kc3 82. Na2+ Kd2 83. Nb4 Nb5 84. Nc2 Nc3+
85. Ka1 a2 86. Nb4 Kc1 87. Nxa2+ 1/2-1/2

[Event "USCL Week 10"]
[Site "?"]
[Date "2012.11.07"]
[Round "?"]
[White "Shen, Arthur"]
[Black "Bodek, Michael"]
[Result "1-0"]
[WhiteElo "2358"]
[BlackElo "2409"]
[PlyCount "69"]
[EventDate "2012.??.??"]

1. d4 Nf6 2. c4 e6 3. Nf3 d5 4. Nc3 dxc4 5. e4 Bb4 6. Bxc4 Nxe4 7. O-O Nf6 8.
Qa4+ Nc6 9. Bg5 Be7 10. Bxf6 Bxf6 11. d5 exd5 12. Bxd5 O-O 13. Rad1 Qe7 14.
Bxc6 Bxc3 15. bxc3 bxc6 16. Qxc6 Be6 17. Rfe1 Rad8 18. h3 h6 19. Rxd8 Qxd8 20.
Qc5 Qb8 21. a3 Qb6 22. Re5 Re8 23. Nd4 Bd7 24. Rxe8+ Bxe8 25. Qe5 Bd7 26. Qd5
Be6 27. Nxe6 fxe6 28. Qd8+ Kf7 29. Qd7+ Kf6 30. Qd8+ Kg6 31. Qd3+ Kg5 32. Qe4
Kf6 33. Qf4+ Ke7 34. Qe5 Kf7 35. Qh5+ 1-0

[Event "USCL Week 10"]
[Site "?"]
[Date "2012.11.07"]
[Round "?"]
[White "Defibaugh, Jared"]
[Black "Martirosov, Vadim"]
[Result "1-0"]
[WhiteElo "2357"]
[BlackElo "2345"]
[PlyCount "77"]
[EventDate "2012.??.??"]

1. e4 e5 2. Nf3 Nc6 3. d4 exd4 4. Bc4 Nf6 5. O-O d6 6. Nxd4 Be7 7. Nc3 O-O 8.
a4 Re8 9. f3 Nxd4 10. Qxd4 Be6 11. Be3 Nd7 12. Bxe6 fxe6 13. Rad1 Bf6 14. Qd2
Ne5 15. b3 Qe7 16. Ne2 a6 17. Nf4 Bg5 18. Nd3 Bxe3+ 19. Qxe3 c5 20. Nxe5 dxe5
21. Rd2 Rad8 22. Rfd1 Rd4 23. c3 Rdd8 24. g3 Rxd2 25. Qxd2 Rf8 26. Kg2 Qf7 27.
Qe3 b5 28. Rd6 c4 29. b4 bxa4 30. Rxa6 Qd7 31. Ra7 Qd1 32. b5 Qc2+ 33. Kh3 h6
34. Qc5 Qd1 35. Qe7 Qf1+ 36. Kh4 g5+ 37. Kh5 Qxf3+ 38. Kg6 Qxe4+ 39. Kxh6 1-0

[Event "USCL Week 10"]
[Site "?"]
[Date "2012.11.07"]
[Round "?"]
[White "Krasik, Ilya"]
[Black "Zimmer, Ralph"]
[Result "0-1"]
[WhiteElo "2261"]
[BlackElo "2304"]
[PlyCount "86"]
[EventDate "2012.??.??"]

1. d4 Nf6 2. c4 c5 3. e3 e6 4. Nf3 cxd4 5. exd4 d5 6. Nc3 Nc6 7. Bd3 dxc4 8.
Bxc4 Be7 9. O-O O-O 10. Bg5 b6 11. Re1 Bb7 12. a3 Rc8 13. Ba2 Nd5 14. Bd2 Nxc3
15. Bxc3 Bf6 16. Ne5 Ne7 17. Qa4 Rc7 18. Qxa7 Bxg2 19. Qxb6 Ba8 20. Ba5 Nd5 21.
Qb3 Bh4 22. Nf3 Be7 23. Rac1 Bd6 24. Bxc7 Bxc7 25. Bb1 Bf4 26. Rc5 Qf6 27. Qd3
Qh6 28. Ra5 Bc6 29. Rc5 Ba8 30. Ra5 g5 31. Qf1 Nf6 32. Rxa8 Rxa8 33. Qg2 Rd8
34. Re4 Nxe4 35. Bxe4 f5 36. Bc6 Kf7 37. d5 g4 38. Nd4 exd5 39. Bxd5+ Kf6 40.
Ne2 Bxh2+ 41. Kf1 Be5 42. b4 Qd2 43. Bb3 Qd1+ 0-1

[Event "USCL Week 10"]
[Site "?"]
[Date "2012.11.07"]
[Round "?"]
[White "Gulamali, Kazim"]
[Black "Kaufman, Larry"]
[Result "1-0"]
[WhiteElo "2419"]
[BlackElo "2445"]
[PlyCount "63"]
[EventDate "2012.??.??"]

1. e4 e6 2. d4 d5 3. Nc3 Nf6 4. e5 Nfd7 5. f4 c5 6. dxc5 Bxc5 7. Qg4 O-O 8. Bd3
Qe7 9. Nf3 f6 10. Qh4 g6 11. exf6 Nxf6 12. Bd2 Nc6 13. O-O-O Nh5 14. Ng5 Nb4
15. Rhf1 Nxd3+ 16. cxd3 h6 17. g4 hxg5 18. fxg5 Rxf1 19. Rxf1 Ng7 20. Rf6 Bd7
21. Rxg6 Bd4 22. Ne2 Qf7 23. Nf4 Rc8+ 24. Kd1 Bxb2 25. Rh6 Ne8 26. Ke2 Bg7 27.
g6 Qf6 28. Rh8+ Bxh8 29. Qh7+ Kf8 30. Bb4+ Nd6 31. Bxd6+ Ke8 32. Qg8+ 1-0

[Event "USCL Week 10"]
[Site "?"]
[Date "2012.11.07"]
[Round "?"]
[White "Theil, Carey"]
[Black "Gorman, Dov"]
[Result "0-1"]
[WhiteElo "2183"]
[BlackElo "2327"]
[PlyCount "168"]
[EventDate "2012.??.??"]

1. e4 c5 2. Nf3 e6 3. Nc3 a6 4. g3 b5 5. Bg2 Bb7 6. d3 d6 7. O-O Be7 8. a4 b4
9. Ne2 Nf6 10. c3 a5 11. Nd2 Qc7 12. Nc4 Nbd7 13. h3 O-O 14. cxb4 axb4 15. b3
Rfd8 16. Qc2 d5 17. Ne3 Ne5 18. d4 Ng6 19. exd5 Nxd5 20. Nxd5 Bxd5 21. dxc5
Bxg2 22. Kxg2 Qc6+ 23. Kh2 Ne5 24. Ng1 Qxc5 25. Qxc5 Bxc5 26. Kg2 Rd3 27. Rb1
Rd5 28. Nf3 Nd3 29. Ne1 Ne5 30. Nf3 Nxf3 31. Kxf3 Rc8 32. Be3 Bxe3 33. fxe3
Rf5+ 34. Ke4 Rfc5 35. Rfd1 f6 36. Rd4 Re5+ 37. Kf3 Rc3 38. Re4 Rf5+ 39. Rf4 Re5
40. Re4 Rf5+ 41. Rf4 Rd5 42. Rxb4 Rdd3 43. Re1 f5 44. a5 Rd5 45. a6 Ra5 46. Rb6
Kf7 47. Rd1 Re5 48. Re1 Ra5 49. Rb7+ Kf6 50. a7 g5 51. b4 Raa3 52. b5 Rc2 53.
Re2 Rc1 54. b6 Rf1+ 55. Rf2 Re1 56. Re2 g4+ 57. hxg4 fxg4+ 58. Kf2 Rh1 59. Kg2
Raa1 60. Rc2 Rag1+ 61. Kf2 Re1 62. Rf7+ Kxf7 63. a8=Q Kf6 64. Qxh1 Rxh1 65. Ke2
Rb1 66. Rc6 Rb3 67. Kd2 Ke5 68. Rc4 h5 69. Rc5+ Ke4 70. Rxh5 Rb2+ 71. Kc3 Rxb6
72. Rh6 Kxe3 73. Rf6 Rc6+ 74. Kb4 Rc8 75. Rxe6+ Kf3 76. Kb3 Kxg3 77. Rf6 Kh3
78. Rh6+ Kg2 79. Rg6 g3 80. Rf6 Kh2 81. Rh6+ Kg1 82. Rg6 g2 83. Rf6 Rh8 84. Kc2
Kh1 0-1

[Event "USCL Week 10"]
[Site "?"]
[Date "2012.11.07"]
[Round "?"]
[White "Daly, Troy"]
[Black "Goldberg, Ben"]
[Result "0-1"]
[WhiteElo "2238"]
[BlackElo "2233"]
[PlyCount "74"]
[EventDate "2012.??.??"]

1. e4 e6 2. Nf3 d5 3. Nc3 Bb4 4. exd5 exd5 5. a3 Be7 6. d4 Bf5 7. Ne5 Nf6 8.
Bg5 Nbd7 9. Bd3 Bxd3 10. Nxd3 c6 11. O-O O-O 12. Re1 Bd6 13. Ne2 Qc7 14. Ng3
Rae8 15. Qf3 Re6 16. Rxe6 fxe6 17. Qe3 e5 18. dxe5 Nxe5 19. Nxe5 Bxe5 20. Bxf6
Rxf6 21. Qxa7 c5 22. Qa4 Bxb2 23. Re1 Bd4 24. Re8+ Rf8 25. Nf5 Qf4 26. Rxf8+
Kxf8 27. Qa8+ Kf7 28. Qxb7+ Kf6 29. Qxg7+ Kxf5 30. Qxh7+ Ke6 31. Qg8+ Ke7 32.
Qh7+ Kd6 33. Qg6+ Kd7 34. Qh7+ Kc6 35. Qg6+ Kb7 36. Qh7+ Kb6 37. Qg6+ Ka5 0-1

[Event "USCL Week 10"]
[Site "?"]
[Date "2012.11.07"]
[Round "?"]
[White "Sarkar, Justin"]
[Black "Milman, Lev"]
[Result "1/2-1/2"]
[WhiteElo "2483"]
[BlackElo "2479"]
[PlyCount "110"]
[EventDate "2012.??.??"]

1. d4 Nf6 2. c4 e6 3. Nc3 Bb4 4. Qc2 O-O 5. a3 Bxc3+ 6. Qxc3 b6 7. Bg5 Bb7 8.
f3 d6 9. e4 c5 10. dxc5 bxc5 11. Rd1 Nc6 12. Bxf6 gxf6 13. Ne2 e5 14. Qd2 Nd4
15. Nxd4 cxd4 16. Bd3 Kh8 17. b4 Rg8 18. g4 Qe7 19. h4 a5 20. b5 f5 21. gxf5
Rg3 22. Kf2 Rag8 23. Rh2 Qf6 24. Rf1 Qg7 25. Ke1 Rg1 26. Rhf2 a4 27. Rxg1 Qxg1+
28. Bf1 Rg3 29. Qh6 Bxe4 30. fxe4 Re3+ 31. Re2 Rxe2+ 32. Kxe2 d3+ 33. Kd2 Qf2+
34. Kc3 Qd4+ 35. Kb4 Qc5+ 36. Kxa4 Qxc4+ 37. Ka5 Qc3+ 38. Kb6 Qc5+ 39. Kb7
Qxb5+ 40. Kc7 Qa5+ 41. Kd7 Qa7+ 42. Ke8 Qb8+ 43. Kxf7 Qc7+ 44. Ke6 Qc8+ 45. Kd5
Qc5+ 46. Ke6 Qc8+ 47. Ke7 Qc7+ 48. Ke8 Qc8+ 49. Ke7 Qc7+ 50. Kf8 Qd8+ 51. Kf7
Qd7+ 52. Kf6 Qd8+ 53. Kf7 Qd7+ 54. Kf6 Qd8+ 55. Ke6 Qc8+ 1/2-1/2

[Event "USCL Week 10"]
[Site "?"]
[Date "2012.11.07"]
[Round "?"]
[White "Schneider, Dmitry"]
[Black "Kekelidze, Mikheil"]
[Result "1/2-1/2"]
[WhiteElo "2522"]
[BlackElo "2628"]
[PlyCount "142"]
[EventDate "2012.??.??"]

1. e4 c5 2. Nf3 d6 3. d4 cxd4 4. Nxd4 Nf6 5. Nc3 g6 6. Be2 Bg7 7. O-O O-O 8.
Nb3 Nc6 9. f4 b5 10. a3 Qb6+ 11. Kh1 a5 12. a4 b4 13. Nd5 Nxd5 14. exd5 Nb8 15.
Bf3 Bf5 16. g4 Bd7 17. Re1 Re8 18. Be3 Qc7 19. Bd4 Na6 20. Bxg7 Kxg7 21. Nd4
Rac8 22. f5 Nc5 23. b3 e5 24. fxe6 fxe6 25. dxe6 Nxe6 26. Nxe6+ Rxe6 27. Rxe6
Bxe6 28. Qd4+ Kg8 29. Re1 Bf7 30. Bd5 Qc5 31. Bxf7+ Kxf7 32. Rf1+ Kg8 33. Qxc5
Rxc5 34. Rd1 d5 35. Rd2 Kf7 36. Kg2 Kf6 37. Kg3 Rc3+ 38. Kf2 Ke5 39. Ke1 Re3+
40. Kd1 Re4 41. Rg2 Kf4 42. Kd2 Re3 43. g5 Rh3 44. Ke2 d4 45. Kd2 Rc3 46. h4
Rh3 47. Rf2+ Ke4 48. Re2+ Kf4 49. Rf2+ Ke4 50. Re2+ Re3 51. Rf2 d3 52. cxd3+
Rxd3+ 53. Kc2 Rc3+ 54. Kb2 Rh3 55. Rc2 Kd3 56. Rc4 Rh1 57. Ka2 Rh2+ 58. Kb1 Re2
59. Rc7 Re4 60. Rc5 Rxh4 61. Rxa5 Kc3 62. Ra7 Kxb3 63. Kc1 Rh1+ 64. Kd2 Ka3 65.
a5 b3 66. Rb7 Rh2+ 67. Kd3 Rh3+ 68. Kc4 Rh4+ 69. Kc3 Rh3+ 70. Kc4 Rh4+ 71. Kc3
Rh3+ 1/2-1/2

[Event "USCL Quarterfinals"]
[Site "Internet Chess Club"]
[Date "2012.11.12"]
[Round "?"]
[White "Zimmer, Ralph"]
[Black "Costigan, Richard"]
[Result "0-1"]
[WhiteElo "2304"]
[BlackElo "2288"]
[PlyCount "76"]
[EventDate "2012.??.??"]

1. d4 d5 2. c4 c6 3. Nf3 Nf6 4. e3 g6 5. Nc3 Bg7 6. Be2 O-O 7. O-O dxc4 8. Bxc4
c5 9. d5 Bg4 10. e4 Ne8 11. Re1 Nd7 12. Be2 a6 13. a4 Nd6 14. Qc2 Bxf3 15. Bxf3
b5 16. Bf4 Ne5 17. Be2 Qd7 18. Bg3 b4 19. f4 Nec4 20. Nd1 Bd4+ 21. Bf2 Na5 22.
Bf3 Rac8 23. Qd3 c4 24. Qc2 Nb3 25. Ra2 Qa7 26. e5 Nf5 27. Bg4 Nc5 28. Qxc4 Ne4
29. Qe2 Nxf2 30. Nxf2 b3 31. Bxf5 gxf5 32. Raa1 Rc2 33. Qh5 Bxf2+ 34. Kh1 Bxe1
35. Qg5+ Kh8 36. Rxe1 Qe3 37. Rd1 Rc1 38. Qh5 Qd2 0-1

[Event "USCL Quarterfinals"]
[Site "Internet Chess Club"]
[Date "2012.11.12"]
[Round "?"]
[White "Shvartsman, Andrew"]
[Black "Bodek, Michael"]
[Result "1/2-1/2"]
[WhiteElo "2343"]
[BlackElo "2409"]
[PlyCount "97"]
[EventDate "2012.??.??"]

1. e4 c5 2. Nf3 d6 3. d4 cxd4 4. Nxd4 Nf6 5. Nc3 g6 6. Be3 Bg7 7. f3 O-O 8. Qd2
Nc6 9. O-O-O Bd7 10. g4 Rc8 11. h4 Ne5 12. h5 Qa5 13. hxg6 fxg6 14. Be2 b5 15.
Nb3 Qc7 16. Bh6 b4 17. Nd5 Nxd5 18. Bxg7 Ne3 19. Bxf8 Qxc2+ 20. Qxc2 Rxc2+ 21.
Kb1 Rxe2 22. Rde1 Rxe1+ 23. Rxe1 Ng2 24. Rg1 Nh4 25. Bxe7 Nhxf3 26. Rc1 Bxg4
27. Bxd6 h5 28. Bxb4 Nd3 29. Bd6 Nxc1 30. Kxc1 Kf7 31. Nd2 g5 32. Kc2 Nxd2 33.
Kxd2 h4 34. Ke3 Kg6 35. b4 Bd7 36. Bh2 Kh5 37. Kf3 Bg4+ 38. Kf2 Bd1 39. b5 Ba4
40. Bb8 Bxb5 41. Bxa7 Kg4 42. Be3 Bc6 43. Kg2 Bxe4+ 44. Kh2 Bc6 45. Bd2 Kf5 46.
Be3 Bb7 47. a3 Bc6 48. Bd2 Ke4 49. Bxg5 1/2-1/2

[Event "USCL Quarterfinals"]
[Site "Internet Chess Club"]
[Date "2012.11.12"]
[Round "?"]
[White "Herman, Matt"]
[Black "Vovsha, Eli"]
[Result "1-0"]
[WhiteElo "2425"]
[BlackElo "2514"]
[PlyCount "67"]
[EventDate "2012.??.??"]

1. e4 c5 2. Nf3 d6 3. d4 cxd4 4. Nxd4 Nf6 5. Nc3 a6 6. Be3 e6 7. g4 b5 8. g5
Nfd7 9. f4 Bb7 10. Bd3 Nc5 11. Qf3 Nbd7 12. O-O-O Rc8 13. Kb1 g6 14. h4 b4 15.
Nce2 d5 16. e5 Ne4 17. h5 Rg8 18. hxg6 hxg6 19. Rh7 Be7 20. Rxf7 Kxf7 21. Nxe6
Qa5 22. Bd4 Nf8 23. f5 Ke8 24. Nxf8 Rxf8 25. f6 Rc6 26. Nf4 b3 27. axb3 Nd2+
28. Rxd2 Qxd2 29. Bxg6+ Kd7 30. Qxd5+ Kc7 31. Bb6+ Kxb6 32. Qxd2 Bc5 33. b4 Bg1
34. Qe1 1-0

[Event "USCL Quarterfinals"]
[Site "Internet Chess Club"]
[Date "2012.11.12"]
[Round "?"]
[White "Romanenko, Vladimir"]
[Black "Gelashvili, Tamaz"]
[Result "1-0"]
[WhiteElo "2513"]
[BlackElo "2694"]
[PlyCount "125"]
[EventDate "2012.??.??"]

1. e4 Nc6 2. Nc3 e5 3. Nf3 d6 4. h3 g6 5. d4 exd4 6. Nxd4 Bg7 7. Be3 Nf6 8. Bc4
O-O 9. O-O Re8 10. Bd3 Nb4 11. Bc4 a6 12. Nf3 Be6 13. Bxe6 Rxe6 14. a3 Nc6 15.
Qd3 Nd7 16. Nd5 Nce5 17. Nxe5 Nxe5 18. Qb3 b5 19. a4 Rb8 20. axb5 axb5 21. Ra7
Nc4 22. Rxc7 Rxe4 23. Ba7 Rc8 24. Rxc8 Qxc8 25. Qxb5 Nxb2 26. f3 Qe8 27. Qxe8+
Rxe8 28. f4 f5 29. Kf2 Ra8 30. Be3 Ra5 31. Nb6 Kf7 32. Ke2 d5 33. Bf2 Ke6 34.
Kd2 Nc4+ 35. Nxc4 dxc4 36. Re1+ Kd6 37. Re8 Ra1 38. Rd8+ Ke6 39. Re8+ Kd5 40.
Re7 Bf6 41. Rf7 c3+ 42. Ke2 Ke6 43. Ra7 Rc1 44. Ra6+ Kf7 45. Ra2 h5 46. Be3 Rb1
47. Ra7+ Kg8 48. Ra8+ Kg7 49. Ra7+ Kh6 50. Bc5 Rb8 51. Rd7 Bg7 52. Be7 Rb6 53.
Kd3 Re6 54. Rc7 h4 55. Bxh4 Kh7 56. Be7 Kg8 57. Bb4 Re4 58. Rc4 Re1 59. Rc8+
Kh7 60. Rc7 Rd1+ 61. Ke2 Rd2+ 62. Kf3 Kh6 63. Rxg7 1-0

[Event "USCL Quarterfinals"]
[Site "Internet Chess Club"]
[Date "2012.11.12"]
[Round "?"]
[White "Katz, Alexander"]
[Black "King, Alex"]
[Result "0-1"]
[WhiteElo "2250"]
[BlackElo "2303"]
[PlyCount "148"]
[EventDate "2012.??.??"]

1. e4 c5 2. Nc3 Nc6 3. f4 g6 4. Nf3 Bg7 5. Bb5 Nd4 6. O-O Nxb5 7. Nxb5 d5 8.
exd5 a6 9. Nc3 Nf6 10. d4 c4 11. Qe2 b5 12. Re1 Ra7 13. Ne5 Rc7 14. Nc6 Qd6 15.
Qe5 Qxe5 16. fxe5 Nxd5 17. Nxd5 Rxc6 18. Bg5 Be6 19. Nxe7 Rc7 20. d5 Rxe7 21.
Bxe7 Kxe7 22. dxe6 Kxe6 23. b3 Rc8 24. a4 Bxe5 25. axb5 axb5 26. Ra5 cxb3 27.
cxb3 Rc5 28. Rd1 Bc3 29. Ra6+ Ke5 30. Ra7 Ke6 31. Rd3 h5 32. Re3+ Be5 33. g3 f6
34. Rb7 Kf5 35. Re2 g5 36. Kg2 Rd5 37. Rb6 Bc3 38. Ra2 b4 39. Rba6 Rd3 40. Rb6
Rd1 41. Rb5+ Ke4 42. Rb8 Rb1 43. Re8+ Kf5 44. Ra5+ Kg6 45. Rg8+ Kh7 46. Re8
Rxb3 47. h3 Be5 48. Ra7+ Kg6 49. g4 hxg4 50. hxg4 Rg3+ 51. Kf1 Rxg4 52. Rb7 Bc3
53. Ke2 Rd4 54. Kf3 Rf4+ 55. Kg2 Kf5 56. Re3 Rg4+ 57. Kf3 Rf4+ 58. Kg2 Re4 59.
Rb5+ Kf4 60. Rf3+ Kg4 61. Rg3+ Kh5 62. Rf3 Re2+ 63. Kf1 Rc2 64. Rg3 Kh4 65. Rg2
Rxg2 66. Kxg2 Kg4 67. Rc5 Kf4 68. Rc6 Ke3 69. Rd6 b3 70. Kf1 b2 71. Rd1 Bd2 72.
Rb1 Bc1 73. Ke1 Kd3 74. Kd1 g4 0-1

[Event "USCL Quarterfinals"]
[Site "Internet Chess Club"]
[Date "2012.11.12"]
[Round "?"]
[White "Erenburg, Sergey"]
[Black "Enkhbat, Tegshsuren"]
[Result "1-0"]
[WhiteElo "2700"]
[BlackElo "2509"]
[PlyCount "115"]
[EventDate "2012.??.??"]

1. e4 c6 2. d4 d5 3. e5 Bf5 4. Nf3 e6 5. Be2 Ne7 6. Nbd2 h6 7. O-O Nd7 8. Nb3
Bg6 9. Nh4 Bh7 10. Be3 g5 11. Nf3 Nf5 12. Bd3 Bg7 13. c3 O-O 14. h3 Bg6 15. Qc2
f6 16. exf6 Rxf6 17. Rae1 Ne7 18. Bc1 Bxd3 19. Qxd3 Ng6 20. Nh2 Qe8 21. Ng4 Rf5
22. Qe2 Kf7 23. g3 Qe7 24. Ne3 Rf6 25. Qh5 Qd6 26. Re2 Re8 27. Rfe1 e5 28. Ng4
e4 29. Nc5 Nxc5 30. dxc5 Qxc5 31. Be3 Qd6 32. Bd4 Rfe6 33. Bxg7 Kxg7 34. Qxh6+
Kg8 35. Qxg5 Kh7 36. Qh6+ Kg8 37. Qg5 Kh7 38. Kh2 Ne5 39. Nxe5 Rxe5 40. Qh4+
Kg6 41. f4 Rf5 42. Qg4+ Kf6 43. c4 Rh8 44. cxd5 cxd5 45. Rc2 Rfh5 46. h4 Qe6
47. Qd1 Kg6 48. Kg2 Rg8 49. Rc7 Qb6 50. Qg4+ Kh6 51. Rh7+ Kxh7 52. Qxh5+ Kg7
53. Qxd5 Qxb2+ 54. Kh3 Qf2 55. Qxe4 Kh6 56. g4 Rg6 57. g5+ Kh5 58. f5 1-0

[Event "USCL Quarterfinals"]
[Site "Internet Chess Club"]
[Date "2012.11.12"]
[Round "?"]
[White "Gorman, Dov"]
[Black "Wang, Kevin"]
[Result "1/2-1/2"]
[WhiteElo "2327"]
[BlackElo "2366"]
[PlyCount "144"]
[EventDate "2012.??.??"]

1. e4 e5 2. Nf3 Nc6 3. d4 exd4 4. Nxd4 Nf6 5. Nc3 Bb4 6. Nxc6 bxc6 7. Bd3 d5 8.
exd5 cxd5 9. O-O O-O 10. Bg5 c6 11. Qf3 Bd6 12. h3 Rb8 13. Na4 h6 14. Be3 Qe7
15. Rfe1 Be6 16. b3 c5 17. Bf4 Qd8 18. Rad1 Rc8 19. Ba6 Rc6 20. Bb5 Rc8 21. Ba6
Rc6 22. Bf1 Bxf4 23. Qxf4 Qa5 24. Be2 Rfc8 25. Bf3 c4 26. Qd2 Qc7 27. b4 c3 28.
Qe3 Qb7 29. Rb1 Qb5 30. Nc5 Qc4 31. Be2 Qxa2 32. Qxc3 Ne4 33. Qd4 Nxc5 34. bxc5
Rxc5 35. Bd3 Qa5 36. Ra1 Qc3 37. Qxc3 Rxc3 38. Rxa7 R3c7 39. Rea1 Kf8 40. Kf1
Ke7 41. Ke2 Kd6 42. Ke3 Rxa7 43. Rxa7 Rb8 44. Ra6+ Kc5 45. Ra5+ Kd6 46. f4 g6
47. Ra6+ Kc5 48. Ra5+ Kd6 49. g4 Bd7 50. c3 h5 51. gxh5 gxh5 52. Kd4 Bc6 53.
Ra7 Bd7 54. Ra6+ Bc6 55. h4 Rb2 56. c4 Rb4 57. Kc3 Ra4 58. Rxa4 Bxa4 59. Be2
dxc4 60. Kxc4 Ke6 61. Kd4 Kf5 62. Ke3 Kg6 63. Ke4 Bc2+ 64. Ke5 Bb1 65. Bf3 f6+
66. Kd4 Ba2 67. Be4+ Kg7 68. Kc5 Be6 69. Kd6 Bg4 70. Ke7 Be2 71. Bc6 Bg4 72.
Be8 Bf3 1/2-1/2